000 00550aam a2200217 4500
005 20260422160159.0
008 150721b1945 xxu||||| |||| 00| 0 spa d
041 _aEspañol
082 _a370 G643h
100 _aGonzález, Luis Felipe
_915216
245 _aHistoria del desarrollo de la instrucción pública en Costa Rica
260 _aCosta Rica
260 _c1945
300 _a145 páginas
490 _aTemática General
650 _aCOLONIA
650 _aCOSTA RICA
650 _aEDUCACIÓN
650 _aHISTORIA
942 _cBK
_2ddc
999 _c183
_d183